000
00264nam a2200097Ia 4500
001
881548
005
20250826182642.0
008
250824s9999 xx 000 0 und d
245
0
_a
BİR DEVRİN BATTIĞI YER ÇANAKKALE
_c
YAVUZ BAHADIROĞLU
260
_b
PANAMA YAYINLARI
999
_c
881548
_d
881548